| 000 | 00491nam a2200157 a 4500 | ||
|---|---|---|---|
| 005 | 20140412111311.0 | ||
| 008 | 030415s19uu xx 00 eng d | ||
| 020 | _a971569117X | ||
| 050 |
_aFil 808.0681 _bS41 1994 |
||
| 100 | _aSoliven, Marivi | ||
| 245 |
_aToad and the princess (The) / _cby Marivi V. Soliven ; pictures by Bernard L. Fernando. |
||
| 260 |
_aManila, Philippines : _bBookmark Inc, _c1994. |
||
| 300 | _a1 v. (unp.) ; ill. | ||
| 650 | _aChildren's poetry | ||
| 999 |
_c103998 _d103998 |
||